| 000 | 01057nam a2200265 i 4500 | ||
|---|---|---|---|
| 001 | 31747 | ||
| 003 | ES-MaACL | ||
| 005 | 20250607063013.0 | ||
| 007 | t| | ||
| 008 | 030130s1967 sp ||||1| cat d | ||
| 100 | 1 |
_aBenguerel, Xavier, _d1905-1990 _927580 |
|
| 245 | 1 | 0 |
_aObres completes de Xavier Benguerel / _cCartapròleg de Josep Ferrater Mora ; retrat de l'autor... de Jaume Pla ; litografies de R. Calsina [y otros]. |
| 250 | _a1ª ed. | ||
| 260 |
_aBarcelona : _bRosa Vera, _c1967. |
||
| 300 |
_a1 v. : _bil. ; _c25 cm. |
||
| 490 | 1 |
_aEls Llibres de la Rosa Vera ; _v1 |
|
| 500 | _aEs el t. 1. | ||
| 505 | 8 | _aContiene: I. Págines d'un adolescent, Suburbi Clementina, L'home dels prismàtics, La familía Rouquier, La veritat del foc, La màscara, L'home dins el mirall, 636 p., 3 h. | |
| 700 | 1 |
_aFerrater Mora, José. _950338 |
|
| 700 | 1 |
_aPla, Jaume. _992472 |
|
| 700 | 0 |
_aCalsina, Ramón. _933789 |
|
| 830 | 0 |
_aEls Llibres de la Rosa Vera ; _v1 _9229386 |
|
| 852 |
_aES-MaACL _jP-1235 _bR.64727 |
||
| 999 |
_c31747 _d31747 |
||